000 00333nam a22001217a 4500
020 _a0-7110-1722-0
082 _a355.0217 GAN'N
100 _aGANDER, T. V
_974109
245 _aNUCLEAR BIOLOGICAL AND CHEMICAL WARFARE
260 _aNEWYORK
_bIAN ALLAN
_c1987
650 _aNUCLEAR BIOLOGICAL AND CHEMICAL WARFARE
_974110
942 _cBK
999 _c579682
_d579682